000 00678nam a2200253Ia 4500
003 OSt
005 20221006144155.0
006 a|||||r|||| 00| 0
007 ta
008 221006b |||||||| |||| 00| 0 eng d
024 _a11,053
037 _cTextual
040 _aEASL
_cEASL
_beng
041 _2eng
_aeng
082 _aR841xC599, K1
100 _aGILES Herbert A Tr.
_982922
245 0 _aChoang Tzu
_bTaoist philosophy and Chinese mystic
260 _aLondon
_bGeorge Allen & Unwin
_c1961
300 _a335p.
_ccm.
490 _v CEL
650 _aCEL
942 _hR841xC599, K1
_cTEXL
_2CC
999 _c1079139
_d1079139